000 00362nam a22001577a 4500
003 MPLRDC
005 20220104123800.0
008 210129b ||||| |||| 00| 0 eng d
082 _a414.8 FQZ
100 _a不详
245 _a傅青主男女科合编
_c
260 _a
_b协成印务公司
_c
300 _b
650 _a医话
942 _cBK
_o414.8 FQZ
999 _c14149
_d14139